Új kenyérgyárat avattak Szegeden
Elmentve itt :
| Szerző: | |
|---|---|
| Dokumentumtípus: | Cikk |
| Megjelent: |
1975-11-05
|
| Sorozat: | Délmagyarország
65 No. 260 |
| Kulcsszavak: | Sütőipari Vállalat |
| Online Access: | http://dmarchiv.bibl.u-szeged.hu/105262 |
| LEADER | 00465nab a2200157 i 4500 | ||
|---|---|---|---|
| 001 | delm105262 | ||
| 005 | 20190423115357.0 | ||
| 008 | 190423s1975 hu o 0|| hun d | ||
| 040 | |a SZTE Délmagyarország Archívum |b hun | ||
| 041 | |a hun | ||
| 100 | 2 | |a Ács S. Sándor | |
| 245 | 1 | 0 | |a Új kenyérgyárat avattak Szegeden |h [elektronikus dokumentum] / |c Ács S. Sándor |
| 260 | |c 1975-11-05 | ||
| 300 | |a 1 | ||
| 490 | 0 | |a Délmagyarország |v 65 No. 260 | |
| 695 | |a Sütőipari Vállalat | ||